000 00581nam a22002297a 4500
003 UA-OsUOA
001 77578
007 ta
008 20110919b un ||||| |||| 00| 0 ukr d
100 _aДрайзер Т.
090 _a821.161.1(73)
_bД72
942 _cBK
040 _aUA-OsUOA
_brus
_cUA-OsUOA
_dUA-OsUOA
245 _aТитан
_bроман
300 _a608 с.
955 _a3
041 _arus
080 _a821.161.1(73)
260 _aМ.
_bПравда
_c1981
650 7 _a82 Література. Літературознавство
_2UDC
999 _c363883
_d363883